000 00438nam a2200193Ia 4500
003 0100
008 130227s9999 xx 000 0 und d
040 _cARRUPELIB
050 _aDS727.W7
245 _aConfucianism and Chinese civilization
260 _aNew York
260 _bAtheneum
260 _C1964
300 _axiii
300 _b 362p 21cm
650 _bJoseph, St
700 _aWright, Arthur F. (ed)
942 _2lcc
_01
999 _c1052
_d1052